Statistics for Country Population - East or West

Click here to take the quiz!

General Stats

  • This quiz has been taken 20 times
  • The average score is 16 of 20

Answer Stats

QuestionAnswer% Correct
BrazilEast
100%
CanadaEast
100%
ChinaEast
100%
RussiaWest
100%
GermanyWest
100%
TurkeyWest
100%
United StatesEast
95%
AustraliaEast
95%
ArgentinaEast
95%
MalaysiaWest
95%
PeruWest
95%
EgyptEast
89%
IndonesiaWest
89%
ItalyWest
89%
NetherlandsWest
84%
BelgiumWest
68%
South AfricaEast
58%
IndiaEast
26%
PolandEast
26%
United KingdomWest
21%

Score Distribution

Percentile by Number Answered

Percent of People with Each Score

Your Score History

You have not taken this quiz